Giáo trình Luật dân sự Việt Nam

Những khái niệm cơ bản về luật dân sự Việt Nam; Các quan hệ pháp luật dân sự: giữa cá nhân - chủ thể, pháp nhân - chủ thể, hộ gia đình, tổ hợp tác - chủ thể, giao dịch dân sự, đại diện và thời hạn thời hiệu; Tài sản và quyền sở hu...

Volledige beschrijving

Bewaard in:
Bibliografische gegevens
Formaat: Boek
Taal:Undetermined
Gepubliceerd in: Hà Nội Công an nhân dân 1997
Onderwerpen:
Tags: Voeg label toe
Geen labels, Wees de eerste die dit record labelt!
Thư viện lưu trữ: Trung tâm Học liệu Trường Đại học Cần Thơ
LEADER 00927nam a2200169Ia 4500
001 CTU_27648
008 210402s9999 xx 000 0 und d
082 |a 346.597 
082 |b Gi108/T.1 
245 0 |a Giáo trình Luật dân sự Việt Nam 
245 0 |c Đinh Văn Thanh (chủ biên) 
260 |a Hà Nội 
260 |b Công an nhân dân 
260 |c 1997 
520 |a Những khái niệm cơ bản về luật dân sự Việt Nam; Các quan hệ pháp luật dân sự: giữa cá nhân - chủ thể, pháp nhân - chủ thể, hộ gia đình, tổ hợp tác - chủ thể, giao dịch dân sự, đại diện và thời hạn thời hiệu; Tài sản và quyền sở hữu, những quy định quyền sở hữu.. 
650 |a Civil law ( vietnamese law ) 
980 |a Trung tâm Học liệu Trường Đại học Cần Thơ